UBT Library

NURSING CARE OF CHILDREN (Record no. 2685)

000 -LEADER
fixed length control field 00259nam a22001097a 4500
008 - FIXED-LENGTH DATA ELEMENTS--GENERAL INFORMATION
fixed length control field 170111b xxu||||| |||| 00| 0 eng d
020 ## - INTERNATIONAL STANDARD BOOK NUMBER
International Standard Book Number 9781933107615
041 ## - LANGUAGE CODE
Language code of text/sound track or separate title eng
080 ## - UNIVERSAL DECIMAL CLASSIFICATION NUMBER
Edition identifier 7TH
Universal Decimal Classification number 618.2
245 ## - TITLE STATEMENT
Title NURSING CARE OF CHILDREN
Statement of responsibility, etc KNIPPA, A
942 ## - ADDED ENTRY ELEMENTS (KOHA)
Source of classification or shelving scheme
Item type Books
Holdings
Withdrawn status Lost status Source of classification or shelving scheme Damaged status Not for loan Collection code Permanent location Current location Shelving location Date acquired Total Checkouts Full call number Barcode Date last seen Price effective from Koha item type
          Koleksioni i përgjithshem UBT - Lipjan UBT - Lipjan Koleksioni i përgjithshem 01/11/2017   618.2 KNI 002-029650 01/11/2017 01/11/2017 Books
          Koleksioni i përgjithshem UBT - Lipjan UBT - Lipjan Koleksioni i përgjithshem 03/02/2021   610.73 ATI 002-6000532 03/02/2021 03/02/2021 Books
          Koleksioni i përgjithshem UBT - Lipjan UBT - Lipjan Koleksioni i përgjithshem 06/02/2021   610.73 PLA 002-7003530 06/02/2021 06/02/2021 Books
UBT Library © 2015-2024. All rights reserved University Education for Business and Technology